Joint parliamentary committees in INDIA: Evolving patterns and frameworks (Record no. 533149)

000 -LEADER
fixed length control field 01008nam a22001337a 4500
008 - FIXED-LENGTH DATA ELEMENTS--GENERAL INFORMATION
fixed length control field 260427b ||||| |||| 00| 0 eng d
100 ## - MAIN ENTRY--PERSONAL NAME
Personal name Kumar, Rupak
245 ## - TITLE STATEMENT
Title Joint parliamentary committees in INDIA: Evolving patterns and frameworks
260 ## - PUBLICATION, DISTRIBUTION, ETC. (IMPRINT)
Place of publication, distribution, etc Economic & Political Weekly
300 ## - PHYSICAL DESCRIPTION
Extent 61(7), Feb 14, 2026: p.59-65
520 ## - SUMMARY, ETC.
Summary, etc There is a need to discern patterns and evolve a framework to understand parliamentary committees in India, especially joint parliamentary committees. The institutional arguments for sub-institutions like committees are situated in the larger discourse of political processes. Does the realpolitik in the Indian scenario enable the functioning, effectiveness, or efficacy of JPCs and what ails the working of parliamentary committees in India or its so-called “mini-Parliaments”?-Reproduced

https://www.epw.in/journal/2026/7/special-articles/joint-parliamentary-committees-india.html
773 ## - HOST ITEM ENTRY
Main entry heading Economic & Political Weekly
942 ## - ADDED ENTRY ELEMENTS (KOHA)
Item type Articles
Holdings
Withdrawn status Lost status Source of classification or shelving scheme Damaged status Not for loan Permanent location Current location Date acquired Serial Enumeration / chronology Barcode Date last seen Koha item type
          Indian Institute of Public Administration Indian Institute of Public Administration 2026-04-27 61(7), Feb 14, 2026: p.59-65 AR138660 2026-04-27 Articles

Powered by Koha